000 01000nam a2200289 i 4500
001 000013998
003 DO-SdBNP
005 20251105110229.0
007 ta
008 091202s1947 dr r 001 0 spa d
040 _aDO-SdBNP
_bspa
_cBNPHU
_erda
082 4 _a980
_bH519hi,
_222
100 1 _aHenríquez Ureña, Pedro,
_d1884-1946
_91718
245 1 0 _aHistoria de la cultura en la América hispánica /
_cPedro Henríquez Ureña.
264 _aSanto Domingo :
_bComisión Organizadora Permanente de la Feria del Libro,
_c@1947.
300 _a171 páginas ;
_c21 cm.
336 _atexto
_btxt
_2rdacontent
337 _asin mediación
_bn
_2rdamedia
338 _avolumen
_bnc
_2rdacarrier
490 _aPopular
_v5
590 _aInventariado, 2018/BT
650 4 _aCultura
_xHistoria
_zAmérica Latina
_931675
651 0 _aAmérica Latina
_xCivilización
_zHistoria
_916665
651 4 _aAmérica Latina
_xHistoria
_91786
910 _aValidado, Control de calidad. MMOLINA
942 _2ddc
_cLBS1
999 _c13602
_d13602